Khổng Tử cùng học trò đối thoại về giáo dục
保存先:
| 第一著者: | |
|---|---|
| フォーマット: | 図書 |
| 言語: | Vietnamese |
| 出版事項: |
Hà Nội
Hà Nội
2006
|
| 主題: | |
| タグ: |
タグ追加
タグなし, このレコードへの初めてのタグを付けませんか!
|
| Thư viện lưu trữ: | Trung tâm Học liệu Lê Vũ Hùng, Trường Đại học Đồng Tháp |
|---|
| LEADER | 00879aam a22002538a 4500 | ||
|---|---|---|---|
| 001 | 00041568 | ||
| 005 | 20180608130659.0 | ||
| 008 | 120328s2001 ||||||viesd | ||
| 020 | # | # | |c 28500 |
| 041 | 0 | # | |a vie |
| 082 | 1 | 4 | |a 895.1 |b KH455T |
| 100 | 1 | # | |e Biên soạn, chú giải và bình luận |a Đỗ, Anh Thơ |
| 245 | 1 | 0 | |a Khổng Tử cùng học trò đối thoại về giáo dục |c Đỗ Anh Thơ (biên soạn, chú giải và bình luận) |
| 260 | # | # | |a Hà Nội |b Hà Nội |c 2006 |
| 300 | # | # | |a 213 tr. |c 21 cm. |
| 600 | 1 | 4 | |a Khổng, Tử |
| 653 | # | # | |a Danh ngôn |
| 653 | # | # | |a Giáo dục |
| 653 | # | # | |a Trung Quốc |
| 653 | # | # | |a Tác phẩm |
| 653 | # | # | |a Văn học cổ đại |
| 852 | # | # | |j KD.0023687 |
| 910 | |d 30/05/2018 | ||
| 980 | # | # | |a Trung tâm Học liệu Lê Vũ Hùng, Trường Đại học Đồng Tháp |